Fundamentals of the physical environment. -- 3rd ed. (Record no. 63383)
[ view plain ]
| 000 -LEADER | |
|---|---|
| fixed length control field | 00881nam a2200217 a 4500 |
| 008 - FIXED-LENGTH DATA ELEMENTS--GENERAL INFORMATION | |
| fixed length control field | 120416s2002 ||||||||||||||||| || u |
| 020 ## - INTERNATIONAL STANDARD BOOK NUMBER | |
| International Standard Book Number | 0415232945 |
| 050 ## - LIBRARY OF CONGRESS CALL NUMBER | |
| Classification number | GB 56 SMI |
| 100 ## - MAIN ENTRY--PERSONAL NAME | |
| Personal name | Atkinson, Ken |
| 245 10 - TITLE STATEMENT | |
| Title | Fundamentals of the physical environment. -- 3rd ed. |
| Statement of responsibility, etc. | Peter Smithson, Ken Addison and Ken Atkinson |
| 250 ## - EDITION STATEMENT | |
| Edition statement | 3rd ed. |
| 260 ## - PUBLICATION, DISTRIBUTION, ETC. | |
| Place of publication, distribution, etc. | London |
| Name of publisher, distributor, etc. | Routledge |
| Date of publication, distribution, etc. | 2002 |
| 300 ## - PHYSICAL DESCRIPTION | |
| Extent | xvi, 627p. : ill. |
| 350 ## - | |
| -- | 0.00 |
| 650 ## - SUBJECT ADDED ENTRY--TOPICAL TERM | |
| Topical term or geographic name entry element | PHYSICAL GEOGRAPHY |
| 650 ## - SUBJECT ADDED ENTRY--TOPICAL TERM | |
| Topical term or geographic name entry element | GEOGRAPHY |
| 700 ## - ADDED ENTRY--PERSONAL NAME | |
| Personal name | Addison, Ken |
| 700 ## - ADDED ENTRY--PERSONAL NAME | |
| Personal name | Smithson, Peter |
| 995 ## - | |
| -- | MAIN LIBRARY OPEN ACCESS |
| -- | 0.00 |
| -- | 739217 |
| -- | CBU-MAIN LIBRARY (Kitwe) |
| -- | 1 |
| -- | 0.00 |
| -- | GB 55 SMI |
| -- | 1 |
| -- | AVAILABLE |
| -- | Jan 27, 2009 |
| -- | 739217 |
| -- | Main Library Open Access Collection |
| 995 ## - | |
| -- | MAIN LIBRARY OPEN ACCESS |
| -- | 0.00 |
| -- | 736032 |
| -- | CBU-MAIN LIBRARY (Kitwe) |
| -- | 1 |
| -- | 48.00 |
| -- | GB 56 SMI |
| -- | 1 |
| -- | AVAILABLE |
| -- | 38795 |
| -- | Main Library Open Access Collection |
| 999 ## - | |
| -- | 63383 |
| -- | 63383 |
| Withdrawn status | Lost status | Source of classification or shelving scheme | Damaged status | Not for loan | Permanent Location | Current Location | Shelving location | Date acquired | Total Checkouts | Full call number | Barcode | Date last seen | Price effective from | Koha item type |
|---|---|---|---|---|---|---|---|---|---|---|---|---|---|---|
| CBU-MAIN LIBRARY, KITWE. | CBU-MAIN LIBRARY, KITWE. | 12/24/2022 | GB 56 SMI | 739217 | 12/24/2022 | 12/24/2022 | MONOGRAPH | |||||||
| CBU-MAIN LIBRARY, KITWE. | CBU-MAIN LIBRARY, KITWE. | 12/24/2022 | GB 56 SMI | 38795 | 12/24/2022 | 12/24/2022 | MONOGRAPH |